<?xml version="1.0" encoding="UTF-8"?><?xml-stylesheet type="text/xsl" href="static/style.xsl"?><OAI-PMH xmlns="http://www.openarchives.org/OAI/2.0/" xmlns:xsi="http://www.w3.org/2001/XMLSchema-instance" xsi:schemaLocation="http://www.openarchives.org/OAI/2.0/ http://www.openarchives.org/OAI/2.0/OAI-PMH.xsd"><responseDate>2026-04-29T05:37:36Z</responseDate><request verb="GetRecord" identifier="oai:repisalud.isciii.es:20.500.12105/16386" metadataPrefix="marc">https://repisalud.isciii.es/rest/oai/request</request><GetRecord><record><header><identifier>oai:repisalud.isciii.es:20.500.12105/16386</identifier><datestamp>2025-06-09T15:02:40Z</datestamp><setSpec>com_20.500.12105_2052</setSpec><setSpec>com_20.500.12105_2051</setSpec><setSpec>com_20.500.12105_15322</setSpec><setSpec>col_20.500.12105_19612</setSpec><setSpec>col_20.500.12105_16978</setSpec><setSpec>col_20.500.12105_16988</setSpec></header><metadata><record xmlns="http://www.loc.gov/MARC21/slim" xmlns:dcterms="http://purl.org/dc/terms/" xmlns:doc="http://www.lyncode.com/xoai" xmlns:xsi="http://www.w3.org/2001/XMLSchema-instance" xsi:schemaLocation="http://www.loc.gov/MARC21/slim http://www.loc.gov/standards/marcxml/schema/MARC21slim.xsd">
   <leader>00925njm 22002777a 4500</leader>
   <datafield ind2=" " ind1=" " tag="042">
      <subfield code="a">dc</subfield>
   </datafield>
   <datafield ind2=" " ind1=" " tag="720">
      <subfield code="a">Valero, Marta</subfield>
      <subfield code="e">author</subfield>
   </datafield>
   <datafield ind2=" " ind1=" " tag="720">
      <subfield code="a">Sanchez-Piedra, Carlos</subfield>
      <subfield code="e">author</subfield>
   </datafield>
   <datafield ind2=" " ind1=" " tag="720">
      <subfield code="a">Freire, Mercedes</subfield>
      <subfield code="e">author</subfield>
   </datafield>
   <datafield ind2=" " ind1=" " tag="720">
      <subfield code="a">Colazo, María</subfield>
      <subfield code="e">author</subfield>
   </datafield>
   <datafield ind2=" " ind1=" " tag="720">
      <subfield code="a">Busquets, Noemí</subfield>
      <subfield code="e">author</subfield>
   </datafield>
   <datafield ind2=" " ind1=" " tag="720">
      <subfield code="a">Meriño-Ibarra, Erardo</subfield>
      <subfield code="e">author</subfield>
   </datafield>
   <datafield ind2=" " ind1=" " tag="720">
      <subfield code="a">Rodríguez-Lozano, Carlos</subfield>
      <subfield code="e">author</subfield>
   </datafield>
   <datafield ind2=" " ind1=" " tag="720">
      <subfield code="a">Manrique, Sara</subfield>
      <subfield code="e">author</subfield>
   </datafield>
   <datafield ind2=" " ind1=" " tag="720">
      <subfield code="a">Campos, Cristina</subfield>
      <subfield code="e">author</subfield>
   </datafield>
   <datafield ind2=" " ind1=" " tag="720">
      <subfield code="a">Sánchez-Alonso, Fernando</subfield>
      <subfield code="e">author</subfield>
   </datafield>
   <datafield ind2=" " ind1=" " tag="720">
      <subfield code="a">Castrejón, Isabel</subfield>
      <subfield code="e">author</subfield>
   </datafield>
   <datafield ind2=" " ind1=" " tag="260">
      <subfield code="c">2023-05-22</subfield>
   </datafield>
   <datafield ind2=" " ind1=" " tag="520">
      <subfield code="a">Background: The objectives of this study were to assess the discontinuation of biologic therapy in patients who achieve remission and identify predictors of discontinuation of biologics in patients with inflammatory arthritis in remission. Methods: An observational retrospective study from the BIOBADASER registry comprising adult patients diagnosed with rheumatoid arthritis (RA), ankylosing spondylitis (AS), or psoriatic arthritis (PsA) and receiving 1 or 2 biological disease-modifying drugs (bDMARDs) between October 1999 and April 2021. Patients were followed yearly after initiation of therapy or until discontinuation of treatment. Reasons for discontinuation were collected. Patients who discontinued bDMARDs because of remission as defined by the attending clinician were studied. Predictors of discontinuation were explored using multivariable regression models. Results: The study population comprised 3,366 patients taking 1 or 2 bDMARDs. Biologics were discontinued owing to remission by 80 patients (2.4%): 30 with RA (1.7%), 18 with AS (2.4%), and 32 with PsA (3.9%). The factors associated with a higher probability of discontinuation on remission were shorter disease duration (OR: 0.95; 95% CI: 0.91-0.99), no concomitant use of classic DMARDs (OR: 0.56; 95% CI: 0.34-0.92), and shorter usage of the previous bDMARD (before the decision to discontinue biological therapy) (OR: 1.01; 95% CI: 1.01-1.02); in contrast, smoking status (OR: 2.48; 95% CI: 1.21-5.08) was associated with a lower probability. In patients with RA, positive ACPA was associated with a lower probability of discontinuation (OR: 0.11; 95% CI: 0.02-0.53). Conclusions: Discontinuation of bDMARDs in patients who achieve remission is uncommon in routine clinical care. Smoking and positive ACPA in RA patients were associated with a lower probability of treatment discontinuation because of clinical remission.</subfield>
   </datafield>
   <datafield ind1="8" ind2=" " tag="024">
      <subfield code="a">Arthritis Res Ther. 2023 May 22;25(1):86.</subfield>
   </datafield>
   <datafield ind1="8" ind2=" " tag="024">
      <subfield code="a">http://hdl.handle.net/20.500.12105/16386</subfield>
   </datafield>
   <datafield ind1="8" ind2=" " tag="024">
      <subfield code="a">37217997</subfield>
   </datafield>
   <datafield ind1="8" ind2=" " tag="024">
      <subfield code="a">10.1186/s13075-023-03045-3</subfield>
   </datafield>
   <datafield ind1="8" ind2=" " tag="024">
      <subfield code="a">1478-6362</subfield>
   </datafield>
   <datafield ind1="8" ind2=" " tag="024">
      <subfield code="a">Arthritis research &amp; therapy</subfield>
   </datafield>
   <datafield tag="653" ind2=" " ind1=" ">
      <subfield code="a">Biologic DMARD</subfield>
   </datafield>
   <datafield tag="653" ind2=" " ind1=" ">
      <subfield code="a">Discontinuation</subfield>
   </datafield>
   <datafield tag="653" ind2=" " ind1=" ">
      <subfield code="a">Real-world evidence</subfield>
   </datafield>
   <datafield tag="653" ind2=" " ind1=" ">
      <subfield code="a">Remission</subfield>
   </datafield>
   <datafield ind2="0" ind1="0" tag="245">
      <subfield code="a">Factors associated with discontinuation of biologics in patients with inflammatory arthritis in remission: data from the BIOBADASER registry</subfield>
   </datafield>
</record></metadata></record></GetRecord></OAI-PMH>